Luz II: Meditaciones para todos los días del año siguiendo el ciclo litúrgico (Record no. 249206)
[ view plain ]
| 000 -CABECERA | |
|---|---|
| Campo de control de longitud fija | 00504nam a22001577u 4500 |
| 008 - CÓDIGOS DE INFORMACIÓN DE LONGITUD FIJA | |
| Campo de control de longitud fija | 130405s1962 xxu||||| |||| 00| 0 spa d |
| 017 ## - NÚMERO DE COPYRIGHT O DE DEPÓSITO LEGAL | |
| Número de copyright o de depósito legal | SA-101-1958 |
| 041 ## - CÓDIGO DE LENGUA | |
| Código de lengua del texto/banda sonora o título independiente | spa |
| 001 - NÚMERO DE CONTROL | |
| Campo de control | 92218 |
| 100 1# - PUNTO DE ACCESO PRINCIPAL-NOMBRE DE PERSONA | |
| Nombre de persona | Rey, Juan |
| 9 (RLIN) | 26165 |
| 245 00 - MENCIÓN DE TÍTULO | |
| Título | Luz II: Meditaciones para todos los días del año siguiendo el ciclo litúrgico |
| Resto del título | :Desde pentecostés hasta el final del año litúrgico |
| Mención de responsabilidad, etc. | Juan Rey |
| 250 ## - MENCIÓN DE EDICIÓN | |
| Mención de edición | 5ª ed. |
| 260 ## - PUBLICACIÓN, DISTRIBUCIÓN, ETC... (PIE DE IMPRENTA) | |
| Lugar de publicación, distribución, etc. | Santander: |
| Nombre del editor, distribuidor, etc. | Editorial Sal Terrae, |
| Fecha de publicación, distribución, etc. | 1962 |
| 300 ## - DESCRIPCIÓN FÍSICA | |
| Extensión | 1163 p. |
| Dimensiones | ;18 cm. |
| 942 ## - ENTRADA DE ELEMENTOS AGREGADOS (KOHA) | |
| Koha [por defecto] tipo de item | Libros |
| Suprimido | Perdido | Estropeado | No para préstamo | Localización permanente | Localización actual | Localización en estantería | Fecha adquisición | Préstamos totales | Signatura completa | Número de Registro / Código de Barras | Fecha última consulta | Fecha del precio de reemplazo | Tipo de item de Koha |
|---|---|---|---|---|---|---|---|---|---|---|---|---|---|
| San Esteban | San Esteban | Depósito de libros | 21/05/2013 | 4254 | 92218 | 21/05/2013 | 21/05/2013 | Libros |
